| 000 | 00486nam a2200181Ia 4500 | ||
|---|---|---|---|
| 008 | 131103s9999 xx 000 0 und d | ||
| 020 | _cRs.10 | ||
| 040 | _aLoreto College | ||
| 041 | _aEnglish | ||
| 082 |
_a891.431/MAH-MAD _bLCLIB/ |
||
| 100 | _aMadhukar,Mahendra | ||
| 245 |
_aMatadevi Ki Kavya Chetna _bEk Punar Mulyankar _cMahendra,Madhukar |
||
| 260 |
_aKolkata _bPabilipi Prakasan _c1967 |
||
| 300 |
_a248 p. _c 21 cm. |
||
| 650 | _aHindi | ||
| 850 | _aLCLIB | ||
| 942 | _cBK | ||
| 999 |
_c18135 _d68614 |
||